<?xml version="1.0" encoding="UTF-8"?>
<record
    xmlns:xsi="http://www.w3.org/2001/XMLSchema-instance"
    xsi:schemaLocation="http://www.loc.gov/MARC21/slim http://www.loc.gov/standards/marcxml/schema/MARC21slim.xsd"
    xmlns="http://www.loc.gov/MARC21/slim">

  <leader>01036nam0a2200325 i 4500</leader>
  <controlfield tag="001">RU\NLR\bibl\2029044</controlfield>
  <controlfield tag="005">20260406061705.0</controlfield>
  <datafield tag="010" ind1=" " ind2=" ">
    <subfield code="a">9785968420268</subfield>
    <subfield code="9">2000</subfield>
  </datafield>
  <datafield tag="021" ind1=" " ind2=" ">
    <subfield code="a">RU</subfield>
    <subfield code="b">2013-28354</subfield>
    <subfield code="9">1951</subfield>
  </datafield>
  <datafield tag="035" ind1=" " ind2=" ">
    <subfield code="a">(NLR Aleph) 002016945</subfield>
  </datafield>
  <datafield tag="090" ind1=" " ind2=" ">
    <subfield code="a">4486003</subfield>
    <subfield code="c">4486003</subfield>
  </datafield>
  <datafield tag="100" ind1=" " ind2=" ">
    <subfield code="a">20130426d2013    km y0rusy50      ca</subfield>
  </datafield>
  <datafield tag="101" ind1="0" ind2=" ">
    <subfield code="a">rus</subfield>
  </datafield>
  <datafield tag="102" ind1=" " ind2=" ">
    <subfield code="a">RU</subfield>
  </datafield>
  <datafield tag="105" ind1=" " ind2=" ">
    <subfield code="a">y||||||||||||</subfield>
  </datafield>
  <datafield tag="200" ind1="1" ind2=" ">
    <subfield code="a">&#x410;&#x43D;&#x442;&#x438;&#x432;&#x438;&#x440;&#x443;&#x441;&#x43D;&#x44B;&#x439; &#x431;&#x43B;&#x43E;&#x43A; &#x441;&#x43E;&#x437;&#x43D;&#x430;&#x43D;&#x438;&#x44F;</subfield>
    <subfield code="e">&#x43C;&#x430;&#x43D;&#x442;&#x440;&#x44B; &#x43F;&#x440;&#x43E;&#x442;&#x438;&#x432; &#x43F;&#x441;&#x438;&#x445;&#x43E;&#x432;&#x438;&#x440;&#x443;&#x441;&#x43E;&#x432;</subfield>
    <subfield code="f">&#x421;&#x430;&#x43D; &#x41B;&#x430;&#x439;&#x442;</subfield>
  </datafield>
  <datafield tag="210" ind1=" " ind2=" ">
    <subfield code="a">&#x421;&#x430;&#x43D;&#x43A;&#x442;-&#x41F;&#x435;&#x442;&#x435;&#x440;&#x431;&#x443;&#x440;&#x433;</subfield>
    <subfield code="c">&#x412;&#x435;&#x43A;&#x442;&#x43E;&#x440;</subfield>
    <subfield code="d">2013</subfield>
  </datafield>
  <datafield tag="215" ind1=" " ind2=" ">
    <subfield code="a">185 &#x441;.</subfield>
    <subfield code="d">21</subfield>
  </datafield>
  <datafield tag="225" ind1="1" ind2=" ">
    <subfield code="a">&#x41C;&#x438;&#x441;&#x442;&#x435;&#x440;&#x438;&#x44F; &#x418;&#x437;&#x43E;&#x431;&#x438;&#x43B;&#x438;&#x44F;</subfield>
  </datafield>
  <datafield tag="333" ind1=" " ind2=" ">
    <subfield code="a">16+</subfield>
  </datafield>
  <datafield tag="606" ind1="1" ind2=" ">
    <subfield code="a">&#x42D;&#x437;&#x43E;&#x442;&#x435;&#x440;&#x438;&#x447;&#x435;&#x441;&#x43A;&#x438;&#x435; &#x443;&#x447;&#x435;&#x43D;&#x438;&#x44F;</subfield>
    <subfield code="9">1568890</subfield>
    <subfield code="3">RU\NLR\AUTH\66986948</subfield>
  </datafield>
  <datafield tag="686" ind1="2" ind2=" ">
    <subfield code="a">&#x42D;391,0</subfield>
  </datafield>
  <datafield tag="700" ind1=" " ind2="0">
    <subfield code="4">070</subfield>
    <subfield code="8">rus</subfield>
    <subfield code="7">ca</subfield>
    <subfield code="a">&#x421;&#x430;&#x43D; &#x41B;&#x430;&#x439;&#x442;</subfield>
    <subfield code="3">RU\NLR\AUTH\7711901</subfield>
    <subfield code="9">121636</subfield>
  </datafield>
  <datafield tag="801" ind1=" " ind2="0">
    <subfield code="a">RU</subfield>
    <subfield code="b">NLR</subfield>
    <subfield code="c">20130426</subfield>
    <subfield code="g">RCR</subfield>
  </datafield>
  <datafield tag="801" ind1=" " ind2="1">
    <subfield code="a">RU</subfield>
    <subfield code="b">NLR</subfield>
    <subfield code="c">20130426</subfield>
  </datafield>
  <datafield tag="942" ind1=" " ind2=" ">
    <subfield code="c">BOOK</subfield>
  </datafield>
  <datafield tag="980" ind1=" " ind2=" ">
    <subfield code="a">NBR</subfield>
  </datafield>
</record>
